[Event "Moscow Rapid-ch 2018"]
[Site "Moscow"]
[Date "2018.12.08"]
[Round "2"]
[White "Afanasieva, Alexandra"]
[Black "Martynyuk, Elizaveta"]
[Result "1/2-1/2"]
[WhiteElo "1973"]
[BlackElo "2128"]
[Annotator "NA"]
[PlyCount "49"]
[EventDate "2018.12.08"]
[EventType "swiss"]
[EventCountry "RUS"]
[SourceTitle "playchess.com"]
[Source "ChessBase"]
[SourceQuality "1"]
[TimeControl "900+10"]

1. e4 {[%emt 0:00:00]} c5 {[%emt 0:00:00]} 2. Nf3 {[%emt 0:00:00]} e6 {[%emt 0:00:00]} 3. d4 {[%emt 0:00:00]} cxd4 {[%emt 0:00:00]} 4. Nxd4 {[%emt 0:00:00]} Nc6 {[%emt 0:00:00]} 5. Nc3 {[%emt 0:00:04]} Qc7 {[%emt 0:00:00]} 6. Be2 {[%emt 0:00:04]} a6 {[%emt 0:00:00]} 7. O-O {[%emt 0:00:08]} Nf6 {[%emt 0:00:03]} 8. Be3 {[%emt 0:00:05]} Be7 {[%emt 0:00:02]} 9. f4 {[%emt 0:01:54]} d6 {[%emt 0:00:02]} 10. Kh1 {[%emt 0:00:38]} O-O {[%emt 0:00:05]} 11. Qe1 {[%emt 0:00:21]} Bd7 {[%emt 0:00:03]} 12. Qg3 {[%emt 0:00:41]} Rfe8 {[%emt 0:00:57]} 13. Rae1 {[%emt 0:04:36]} Bf8 {[%emt 0:00:51]} 14. Bd3 {[%emt 0:00:45]} Nb4 {[%emt 0:00:37]} 15. f5 {[%emt 0:04:12]} e5 {[%emt 0:02:48]} 16. Nf3 {[%emt 0:00:10]} b5 {[%emt 0:01:48]} 17. Bg5 {[%emt 0:00:16]} Be7 {[%emt 0:00:25]} 18. a3 {[%emt 0:00:27]} Nxd3 {[%emt 0:00:20]} 19. cxd3 {[%emt 0:00:01]} Bc6 {[%emt 0:00:03]} 20. Bh6 {[%emt 0:00:50]} Bf8 {[%emt 0:00:26]} 21. Bg5 {[%emt 0:00:02]} Be7 {[%emt 0:00:07]} 22. Bh6 {[%emt 0:00:12]} Bf8 {[%emt 0:00:12]} 23. Bg5 {[%emt 0:00:01]} Be7 {[%emt 0:00:02]} 24. Bh6 {[%emt 0:00:48]} Bf8 {[%emt 0:00:20]} 25. Bg5 {[%emt 0:00:29]} 1/2-1/2

[Event "Moscow Rapid-ch 2018"]
[Site "Moscow"]
[Date "2018.12.08"]
[Round "2"]
[White "Vyrtosu, Natalia"]
[Black "Kanevskaya, Anna"]
[Result "1/2-1/2"]
[WhiteElo "1952"]
[BlackElo "2105"]
[Annotator "NA"]
[PlyCount "36"]
[EventDate "2018.12.08"]
[EventType "swiss"]
[EventCountry "RUS"]
[SourceTitle "playchess.com"]
[Source "ChessBase"]
[SourceQuality "1"]
[TimeControl "900+10"]

1. d4 {[%emt 0:00:00]} Nf6 {[%emt 0:00:00]} 2. Bf4 {[%emt 0:00:00]} c5 {[%emt 0:00:01]} 3. e3 {[%emt 0:00:00]} b6 {[%emt 0:00:40]} 4. Nf3 {[%emt 0:00:20]} Bb7 {[%emt 0:00:03]} 5. c3 {[%emt 0:00:13]} g6 {[%emt 0:00:10]} 6. h3 {[%emt 0:00:22]} Bg7 {[%emt 0:00:01]} 7. Bd3 {[%emt 0:00:27]} O-O {[%emt 0:00:05]} 8. O-O {[%emt 0:00:03]} d6 {[%emt 0:00:02]} 9. Nbd2 {[%emt 0:00:22]} Nbd7 {[%emt 0:00:13]} 10. Qe2 {[%emt 0:00:16]} Re8 {[%emt 0:00:21]} 11. Bh2 {[%emt 0:00:02]} e5 {[%emt 0:00:59]} 12. Ba6 {[%emt 0:00:43]} Bc6 {[%emt 0:00:36]} 13. Bb5 {[%emt 0:00:04]} Bb7 {[%emt 0:01:20]} 14. Ba6 {[%emt 0:02:08]} Bc6 {[%emt 0:00:02]} 15. Bb5 {[%emt 0:00:05]} Bb7 {[%emt 0:00:02]} 16. Ba6 {[%emt 0:00:02]} Bc6 {[%emt 0:00:01]} 17. Bb5 {[%emt 0:00:02]} Bb7 {[%emt 0:00:01]} 18. Ba6 {[%emt 0:00:01]} Bc8 1/2-1/2

[Event "Moscow Rapid-ch 2018"]
[Site "Moscow"]
[Date "2018.12.08"]
[Round "2"]
[White "Parpiev, Isaak"]
[Black "Naumkin, Igor"]
[Result "0-1"]
[WhiteElo "1406"]
[BlackElo "2410"]
[Annotator "TA"]
[PlyCount "88"]
[EventDate "2018.12.08"]
[EventType "swiss"]
[EventCountry "RUS"]
[SourceTitle "playchess.com"]
[Source "ChessBase"]
[SourceQuality "1"]

{[%evp 9,88,-22,8,-25,15,-25,14,-20,-32,-35,-21,-33,-16,-41,-39,-40,-39,-36,-7,-56,-42,-59,-51,-59,-58,-76,-54,-59,-59,-59,-59,-80,-77,-68,-72,-67,-56,-80,-69,-87,-75,-90,-66,-89,-84,-90,-84,-104,-106,-116,-112,-163,-161,-172,-146,-240,-233,-356,-320,-356,-356,-351,-299,-627,-628,-666,-616,-606,-592,-579,-579,-797,-1015,-1169,-1163,-1164,-1137,-1227,-1139,-1389,-1347]} 1. d4 Nf6 2. c4 e6 3. Nc3 Bb4 4. e3 c5 5. dxc5 (5. Bd3 O-O 6. Nf3 d5 7. O-O dxc4 8. Bxc4 Bd7 9. a3 cxd4 10. axb4 dxc3 11. bxc3 Qc7 12. Qe2 Rc8 13. Bd3 e5 14. e4 Be6 15. Bb2 Nbd7 16. Nd2 a5 {1-0 (63) Korobov,A (2685)-Georgiev,K (2590) Biograd 2018}) 5... O-O (5... Bxc3+ $5 6. bxc3 Na6 $11) 6. Nf3 {E41: Nimzo-Indian: Rubinstein: 4...c5 5 Bd3, including Hübner Variation} Na6 7. Be2 Nxc5 8. O-O {The position is equal.} Bxc3 9. bxc3 b6 10. Ba3 d6 $146 ({Predecessor:} 10... Qc7 11. Bxc5 Qxc5 12. Qd4 Qc7 {0-1 (38) De Jongh,J-Kruskie,J Detroit 1991}) 11. Qc2 Bd7 12. Bxc5 bxc5 13. Rfd1 Qc7 14. Bd3 h6 15. h3 Rfb8 16. Rab1 Rb6 17. Nd2 Rab8 18. Ne4 Ne8 19. Rxb6 Qxb6 20. Rb1 Qxb1+ 21. Qxb1 Rxb1+ 22. Bxb1 $17 {[%mdl 4096] Endgame KBN-KBN} Kf8 23. Kf1 Ke7 24. Ke1 Nc7 25. Kd1 Bc6 26. f3 Na8 27. Nd2 Nb6 28. Kc2 g5 29. Kb3 f5 30. g4 (30. Kc2 $17) 30... Kf6 $19 31. Bd3 Ba4+ 32. Ka3 {[#]} (32. Kb2 $17 {might work better.}) 32... Bd1 $1 33. Kb2 (33. gxf5 {was necessary.} exf5 34. f4) 33... Na4+ 34. Kc1 Nxc3 35. Kb2 {[#]} Ne2 $1 36. Bxe2 $2 (36. gxf5 exf5 37. f4) 36... Bxe2 {KB-KN. Black is clearly winning.} 37. Ka3 Bd1 38. Kb2 Ke5 39. Kc3 Be2 40. a3 f4 41. e4 a6 42. a4 a5 43. Nb3 Bxf3 44. Nxa5 Bxe4 {Accuracy: White = 18%, Black = 72%.} 0-1

[Event "Moscow Rapid-ch 2018"]
[Site "Moscow"]
[Date "2018.12.08"]
[Round "3"]
[White "Zakhartsov, Vladimir"]
[Black "Sychev, Klementy"]
[Result "1/2-1/2"]
[WhiteElo "2486"]
[BlackElo "2537"]
[Annotator "TA"]
[PlyCount "46"]
[EventDate "2018.12.08"]
[EventType "swiss"]
[EventCountry "RUS"]
[SourceTitle "playchess.com"]
[Source "ChessBase"]
[SourceQuality "1"]

{[%evp 24,25,0,8]} 1. c4 g6 2. Nc3 c5 3. g3 Bg7 4. Bg2 Nc6 5. e3 e6 6. Nge2 Nge7 7. O-O O-O 8. d4 cxd4 9. Nxd4 Nxd4 10. exd4 d5 11. cxd5 Nxd5 12. Nxd5 exd5 13. Qb3 {[#] LiveBook: 92 Games} {Predecessor:} Be6 $146 14. Be3 Qd7 15. Rac1 Rfc8 16. h4 h5 17. Kh2 Bf6 18. Qd3 Qa4 19. a3 Bg7 20. Qd2 Qb3 21. Rxc8+ Rxc8 22. Rc1 Rxc1 23. Qxc1 b6 {½-½ (37) Rakhmanov,A (2662)-Morozevich,A (2683) Sochi 2016} 1/2-1/2

[Event "Moscow Rapid-ch 2018"]
[Site "Moscow"]
[Date "2018.12.08"]
[Round "3"]
[White "Golubov, Saveliy"]
[Black "Dragomarezkij, Evgeni"]
[Result "1-0"]
[WhiteElo "2482"]
[BlackElo "2385"]
[Annotator "TA"]
[PlyCount "97"]
[EventDate "2018.12.08"]
[EventType "swiss"]
[EventCountry "RUS"]
[SourceTitle "playchess.com"]
[Source "ChessBase"]
[SourceQuality "1"]

{[%evp 22,97,45,37,97,73,91,93,102,102,88,90,112,95,121,75,75,79,82,56,91,74,139,91,106,102,94,99,310,316,298,278,441,425,411,254,256,246,387,379,389,387,368,280,354,310,256,177,293,219,115,0,278,264,246,187,1123,1119,1117,1102,731,730,715,711,963,963,951,945,912,904,862,829,730,495,770,747,756,763]} 1. d4 d5 2. Bf4 Nf6 3. e3 e6 4. Nd2 c5 5. c3 Nc6 6. Ngf3 Bd6 7. Bg3 Qe7 8. Bb5 {D02: 1 d4 d5 2 Nf3 sidelines, including 2...Nf6 3 g3 and 2...Nf6 3 Bf4} O-O 9. Bxc6 bxc6 10. Qa4 Rb8 11. Bxd6 Qxd6 12. Qa3 {LiveBook: 3 Games} Rb5 ({Black should try} 12... Nd7 $14) 13. Nb3 Ne4 {[#]} 14. dxc5 $1 Qc7 15. Nfd4 Rb8 {[#]} 16. f3 $146 e5 17. fxe4 exd4 18. Nxd4 {Threatens to win with exd5.} Re8 19. O-O {And now exd5 would win.} ({Don't blunder} 19. exd5 $2 Rxe3+ 20. Kf1 (20. Kd2 Qf4 $19) 20... Qf4+ 21. Kg1 Re4 $19) 19... Rxe4 20. Rae1 a5 21. b4 $36 {[%mdl 2048] White is in control.} Ba6 (21... Bd7 $142) 22. Rf3 Bc4 23. Qxa5 Qxa5 24. bxa5 Ra8 $2 (24... f6 $16) 25. Rb1 $18 ({Don't do} 25. Nxc6 $6 Re6 $18) 25... Bb5 26. a4 Bxa4 (26... Ba6 {was worth a try.} 27. Rb6 Bd3 28. Rxc6 Ree8) 27. Rb7 f6 28. Nf5 Rg4 29. Rb4 h5 (29... Rc4 $142 30. Nd6 Rxb4 31. cxb4 Bd1) 30. h3 Rxb4 31. cxb4 {[%mdl 4096] Endgame KRB-KRN} Rb8 32. Rf4 g5 33. Rd4 Kf7 34. Kf2 h4 (34... Ke6 $142) 35. e4 Ke6 {[#]} 36. Nd6 (36. a6 $1 $16) 36... Bb3 $2 {[%mdl 8192]} (36... Ke5 $11 {and Black is okay.} 37. Ke3 Bb3 38. exd5 Bxd5) 37. Ke3 Ke5 38. Nf5 {aiming for Ne7.} dxe4 $2 (38... Ke6) 39. Ne7 {[%csl Ge3][%cal Rd4e4] White is clearly winning.} Ke6 40. Nxc6 Ra8 41. Rxe4+ Kf7 42. Re7+ Kg6 43. Nd4 Bd5 44. Kf2 f5 45. Rd7 Be4 46. Rd6+ Kf7 47. g3 hxg3+ (47... g4 $142 48. hxg4 h3) 48. Kxg3 Ke7 49. a6 {Accuracy: White = 78%, Black = 36%.} 1-0

[Event "Moscow Rapid-ch 2018"]
[Site "Moscow"]
[Date "2018.12.08"]
[Round "3"]
[White "Shinkevich, Vitaly"]
[Black "Dvalishvili, Pavel S."]
[Result "1/2-1/2"]
[WhiteElo "2439"]
[BlackElo "2396"]
[Annotator "TA"]
[PlyCount "66"]
[EventDate "2018.12.08"]
[EventType "swiss"]
[EventCountry "RUS"]
[SourceTitle "playchess.com"]
[Source "ChessBase"]
[SourceQuality "1"]

{[%evp 18,66,-13,-34,60,55,154,152,139,128,238,47,75,94,57,83,79,0,56,45,83,0,61,0,129,98,160,162,177,169,162,168,304,153,287,80,84,68,59,66,66,36,43,13,14,8,8,8,8,0,0]} 1. d4 Nf6 2. Nf3 e6 3. c4 b6 4. a3 Bb7 5. Nc3 d5 6. cxd5 Nxd5 7. e4 Nxc3 8. bxc3 Bxe4 9. Ne5 a6 {E12: Queen's Indian: Unusual White 4th moves, 4 a3, 4 Nc3 Bb7 5 a3 and 4 Nc3 Bb7} 10. Qg4 {LiveBook: 4 Games} Bb7 (10... Bf5 $15 11. Qh5 g6) 11. Bc4 $1 $14 Bd5 (11... Qd6 $14) 12. Bxd5 $146 ({Predecessor:} 12. Bg5 Qd6 13. Bxd5 Qxd5 14. c4 Qb7 15. O-O Bd6 16. Rfe1 Bxe5 17. Rxe5 O-O 18. d5 Nd7 19. Re3 f5 20. Qh4 e5 21. Rh3 h6 22. Bxh6 gxh6 23. Qxh6 Kf7 24. Qe6+ {1-0 (24) Dobrev,N (2366)-Frih,A (2088) Le Port Marly 2009}) 12... Qxd5 13. c4 $1 {[%cal Rc4d5]} Qb7 (13... f5 $16 {keeps fighting.} 14. Qh5+ (14. cxd5 fxg4 15. dxe6 Bd6 $16) 14... g6 15. cxd5 gxh5) 14. O-O $2 ({White must play} 14. d5 $1 $18 h5 15. Qe4) 14... Nd7 15. Nxd7 $1 Kxd7 16. d5 {aiming for c5!} Re8 17. Qf3 ({Much weaker is} 17. dxe6+ $6 fxe6 18. a4 a5 $11) (17. Be3 $16) 17... f6 (17... Kc8 $1 $11) 18. Be3 $36 {[%mdl 2048] White has some pressure.} Kc8 19. a4 (19. Rfc1 $16) 19... exd5 (19... a5 $11) 20. cxd5 (20. a5 $1 $14) 20... Rd8 {[#]} (20... Bd6 $11) 21. Rfc1 $1 $16 Qxd5 (21... Rd7 $142) 22. Bxb6 $1 {Threatens to win with Qc3.} Qxf3 23. Rxc7+ Kb8 {( -> ...Rd1+)} 24. gxf3 {Rb1 is the strong threat.} Bd6 (24... Rc8 {might work better.} 25. Rd7 Rc6) 25. Rf7 (25. Rxg7 Rdg8 $14) (25. Ra7 $18) 25... Rhf8 {[#]} (25... Rc8 $16 {was necessary.} 26. Rb1 (26. Rxg7 Rhg8 $14) 26... Rc6 27. Bc7+ (27. Rxg7 Kc8 $16) 27... Ka8 28. Bxd6 Rxd6) 26. Rxg7 $2 (26. Ra7 $1 $18 {and the rest is easy.}) 26... Rg8 27. Bxd8 Rxg7+ {[%mdl 4096] Endgame KRB-KRB} 28. Kh1 Be5 29. Rd1 Rg6 30. h3 Rh6 {The position is equal.} 31. Kg2 Rg6+ 32. Kf1 Rh6 33. Kg2 Rg6+ {Accuracy: White = 36%, Black = 28%.} 1/2-1/2

[Event "Moscow Rapid-ch 2018"]
[Site "Moscow"]
[Date "2018.12.08"]
[Round "3"]
[White "Naumkin, Igor"]
[Black "Kosteniuk, Alexandra"]
[Result "1/2-1/2"]
[WhiteElo "2410"]
[BlackElo "2537"]
[Annotator "TA"]
[PlyCount "73"]
[EventDate "2018.12.08"]
[EventType "swiss"]
[EventCountry "RUS"]
[SourceTitle "playchess.com"]
[Source "ChessBase"]
[SourceQuality "1"]

{[%evp 12,73,29,35,51,48,51,54,56,30,45,29,32,31,56,50,45,47,56,37,67,17,27,20,28,0,45,26,42,42,60,45,60,65,58,53,52,53,119,99,102,33,33,33,33,33,33,33,33,33,33,33,33,11,19,0,19,0,0,0,32,0,7,0]} 1. d4 Nf6 2. c4 e6 3. Nf3 c5 4. d5 b5 5. Bg5 b4 6. Nbd2 {E10: Blumenfeld Gambit} d6 7. e4 {LiveBook: 22 Games} e5 8. h3 {White is slightly better.} Be7 9. Be3 O-O $146 ({Predecessor:} 9... a5 10. Bd3 Nbd7 11. Nf1 a4 12. Ng3 a3 13. bxa3 Rxa3 {1-0 (56) Tregubov,P (2627)-Koch,J (2498) Belfort 2002}) 10. g3 Ne8 11. Bg2 a5 12. O-O Ra6 13. Qe2 f5 14. exf5 $1 Bxf5 15. Nh2 Bg5 16. Ne4 Bxe3 17. Qxe3 Nd7 18. Rae1 Nb6 19. b3 $36 {[%mdl 2048] White is pushing.} a4 20. f4 axb3 21. axb3 Bxe4 22. Bxe4 {[#] fxe5 is the strong threat.} exf4 23. Rxf4 Rxf4 24. Qxf4 {aiming for Bf5.} Qf6 ({Black should play} 24... Nd7 $14) 25. Bf5 Ra1 26. Be6+ ({Better is} 26. Rxa1 $16 Qxa1+ 27. Nf1) 26... Kh8 $14 27. Rxa1 Qxa1+ 28. Nf1 {[%cal Rf4f8] [#]} Qf6 29. Qxf6 Nxf6 {[%mdl 4096] Endgame KBN-KNN} 30. Nd2 g6 31. Kf2 Kg7 32. h4 Kf8 33. Ke3 Ke7 34. Kf4 h6 35. g4 {[%cal Bg3g4,Bg4g5][%mdl 32] Hoping for g5.} Nfd7 36. Bxd7 Nxd7 37. g5 {Precision: White = 54%, Black = 40%.} 1/2-1/2

[Event "Moscow Rapid-ch 2018"]
[Site "Moscow"]
[Date "2018.12.08"]
[Round "3"]
[White "Gorbatov, Alexej"]
[Black "Gurvich, Vitaly"]
[Result "1/2-1/2"]
[WhiteElo "2389"]
[BlackElo "2270"]
[Annotator "NA"]
[PlyCount "72"]
[EventDate "2018.12.08"]
[EventType "swiss"]
[EventCountry "RUS"]
[SourceTitle "playchess.com"]
[Source "ChessBase"]
[SourceQuality "1"]
[TimeControl "900+10"]

1. e4 {[%emt 0:00:00]} c6 {[%emt 0:00:00]} 2. Nc3 {[%emt 0:00:00]} d5 {[%emt 0:00:00]} 3. Qf3 {[%emt 0:00:00]} dxe4 {[%emt 0:00:00]} 4. Nxe4 {[%emt 0:00:00]} Nf6 {[%emt 0:00:09]} 5. Nxf6+ {[%emt 0:00:00]} exf6 {[%emt 0:00:02]} 6. Bc4 {[%emt 0:00:02]} Bd6 {[%emt 0:00:06]} 7. Ne2 {[%emt 0:00:07]} O-O {[%emt 0:00:08]} 8. O-O {[%emt 0:00:10]} Nd7 {[%emt 0:00:07]} 9. d4 {[%emt 0:00:02]} Re8 {[%emt 0:00:12]} 10. Bd3 {[%emt 0:02:37]} Nf8 {[%emt 0:00:11]} 11. c3 {[%emt 0:01:14]} Ng6 {[%emt 0:00:10]} 12. Ng3 {[%emt 0:00:33]} Be6 {[%emt 0:02:01]} 13. Nf5 {[%emt 0:00:11]} Bf8 {[%emt 0:00:35]} 14. h4 {[%emt 0:00:14]} Qd5 {[%emt 0:01:12]} 15. Qxd5 {[%emt 0:00:19]} cxd5 {[%emt 0:00:32]} 16. h5 {[%emt 0:00:21]} Bxf5 {[%emt 0:00:22]} 17. Bxf5 {[%emt 0:00:02]} Ne7 {[%emt 0:00:01]} 18. Bg4 {[%emt 0:00:54]} f5 {[%emt 0:01:44]} 19. Bf3 {[%emt 0:00:03]} Rad8 {[%emt 0:00:10]} 20. Re1 {[%emt 0:00:03]} f6 {[%emt 0:00:08]} 21. Bd2 {[%emt 0:00:42]} Kf7 {[%emt 0:00:43]} 22. Re2 {[%emt 0:00:43]} Nc6 {[%emt 0:00:14]} 23. Rae1 {[%emt 0:00:04]} Rxe2 {[%emt 0:00:04]} 24. Rxe2 {[%emt 0:00:02]} b5 {[%emt 0:00:46]} 25. b4 {[%emt 0:01:55]} a5 {[%emt 0:03:21]} 26. a3 {[%emt 0:00:01]} a4 {[%emt 0:00:39]} 27. g3 {[%emt 0:00:36]} Ne7 {[%emt 0:00:17]} 28. Kf1 {[%emt 0:02:29]} g5 {[%emt 0:01:32]} 29. hxg6+ {[%emt 0:02:05]} hxg6 {[%emt 0:00:05]} 30. Ke1 {[%emt 0:00:16]} Nc8 {[%emt 0:00:39]} 31. Kd1 {[%emt 0:00:36]} Nb6 {[%emt 0:00:11]} 32. Re1 {[%emt 0:00:03]} Bd6 {[%emt 0:00:49]} 33. Rh1 {[%emt 0:00:09]} Kg7 {[%emt 0:00:18]} 34. Bh6+ {[%emt 0:00:03]} Kf7 {[%emt 0:00:02]} 35. Bc1 {[%emt 0:00:05]} Kg7 {[%emt 0:00:06]} 36. Bh6+ {[%emt 0:00:02]} Kf7 {[%emt 0:00:02]} 1/2-1/2

[Event "Moscow Rapid-ch 2018"]
[Site "Moscow"]
[Date "2018.12.08"]
[Round "3"]
[White "Lavrov, Maxim"]
[Black "Girshgorn, Leonid"]
[Result "1-0"]
[WhiteElo "2387"]
[BlackElo "2038"]
[Annotator "NA"]
[PlyCount "97"]
[EventDate "2018.12.08"]
[EventType "swiss"]
[EventCountry "RUS"]
[SourceTitle "playchess.com"]
[Source "ChessBase"]
[SourceQuality "1"]
[TimeControl "900+10"]

1. e4 {[%emt 0:00:00]} c6 {[%emt 0:00:00]} 2. d4 {[%emt 0:00:00]} d5 {[%emt 0:00:00]} 3. e5 {[%emt 0:00:00]} Bf5 {[%emt 0:00:00]} 4. Nf3 {[%emt 0:00:00]} e6 {[%emt 0:00:00]} 5. Be2 {[%emt 0:00:03]} Nd7 {[%emt 0:00:04]} 6. O-O {[%emt 0:00:03]} h6 {[%emt 0:00:02]} 7. b3 {[%emt 0:00:08]} Ne7 {[%emt 0:00:07]} 8. c4 {[%emt 0:00:13]} g5 {[%emt 0:00:36]} 9. Nc3 {[%emt 0:00:14]} Bg7 {[%emt 0:00:08]} 10. Ba3 {[%emt 0:00:56]} O-O {[%emt 0:01:01]} 11. Bd3 {[%emt 0:00:32]} Bg4 {[%emt 0:01:37]} 12. Re1 {[%emt 0:01:22]} dxc4 {[%emt 0:00:55]} 13. bxc4 {[%emt 0:00:23]} c5 {[%emt 0:00:11]} 14. Be4 {[%emt 0:02:10]} Nc6 {[%emt 0:02:27]} 15. Bxc6 {[%emt 0:01:57]} bxc6 {[%emt 0:00:02]} 16. h3 {[%emt 0:00:03]} Bh5 {[%emt 0:00:45]} 17. Ne4 {[%emt 0:00:52]} Bxf3 {[%emt 0:00:50]} 18. Qxf3 {[%emt 0:00:33]} cxd4 {[%emt 0:01:08]} 19. Nf6+ {[%emt 0:02:27]} Bxf6 {[%emt 0:00:04]} 20. exf6 {[%emt 0:00:08]} Qxf6 {[%emt 0:00:09]} 21. Qxf6 {[%emt 0:00:29]} Nxf6 {[%emt 0:00:01]} 22. Bxf8 {[%emt 0:00:03]} Kxf8 {[%emt 0:00:02]} 23. Rab1 {[%emt 0:00:07]} Ke7 {[%emt 0:00:04]} 24. Rb7+ {[%emt 0:00:10]} Nd7 {[%emt 0:00:01]} 25. c5 {[%emt 0:00:19]} Kd8 {[%emt 0:00:16]} 26. g3 {[%emt 0:00:59]} Kc8 {[%emt 0:01:29]} 27. Rb4 {[%emt 0:02:00]} e5 {[%emt 0:00:09]} 28. f4 {[%emt 0:00:10]} gxf4 {[%emt 0:00:25]} 29. gxf4 {[%emt 0:00:02]} f6 {[%emt 0:00:36]} 30. fxe5 {[%emt 0:00:24]} fxe5 {[%emt 0:00:01]} 31. Rf1 {[%emt 0:00:14]} Kc7 {[%emt 0:00:08]} 32. Rf7 {[%emt 0:00:05]} Rf8 {[%emt 0:00:09]} 33. Rh7 {[%emt 0:00:20]} Rf6 {[%emt 0:00:45]} 34. Ra4 {[%emt 0:00:11]} Rg6+ {[%emt 0:01:31]} 35. Kf1 {[%emt 0:00:09]} Rf6+ {[%emt 0:00:04]} 36. Ke1 {[%emt 0:00:04]} a6 {[%emt 0:00:47]} 37. Rxa6 {[%emt 0:00:09]} Kb7 {[%emt 0:00:01]} 38. Ra4 {[%emt 0:00:13]} Kc8 {[%emt 0:00:27]} 39. Ra8+ {[%emt 0:00:09]} Kb7 {[%emt 0:00:04]} 40. Rd8 {[%emt 0:00:13]} Ka6 {[%emt 0:00:01]} 41. Rdxd7 {[%emt 0:00:19]} Kb5 {[%emt 0:00:02]} 42. Rde7 {[%emt 0:00:11]} Rf5 {[%emt 0:00:01]} 43. Rxh6 {[%emt 0:00:30]} Kxc5 {[%emt 0:00:05]} 44. Rhe6 {[%emt 0:00:31]} Kd5 {[%emt 0:00:03]} 45. a4 {[%emt 0:00:11]} d3 {[%emt 0:01:29]} 46. Kd2 {[%emt 0:00:17]} Ke4 {[%emt 0:00:18]} 47. Rxe5+ {[%emt 0:00:10]} Rxe5 {[%emt 0:00:02]} 48. Rxe5+ {[%emt 0:00:01]} Kxe5 {[%emt 0:00:01]} 49. Kxd3 {[%emt 0:00:02]} 1-0

[Event "Moscow Rapid-ch 2018"]
[Site "Moscow"]
[Date "2018.12.08"]
[Round "3"]
[White "Reprintsev, Alexander"]
[Black "Ulko, Jaroslav"]
[Result "1-0"]
[WhiteElo "2371"]
[BlackElo "2439"]
[Annotator "TA"]
[PlyCount "105"]
[EventDate "2018.12.08"]
[EventType "swiss"]
[EventCountry "RUS"]
[SourceTitle "playchess.com"]
[Source "ChessBase"]
[SourceQuality "1"]

{[%evp 11,105,8,13,-7,-10,-14,0,0,13,13,19,-32,-31,-55,-10,-20,-7,-7,-8,-22,-12,-30,-27,-13,-16,-20,-29,-30,-18,-35,-19,-19,-6,-25,0,0,0,0,0,0,0,0,0,0,0,0,0,0,4,4,20,12,69,69,69,69,147,69,75,77,193,158,170,140,406,391,475,479,576,576,576,572,533,572,572,572,564,550,523,528,522,516,479,479,552,542,958,1057,1855,1093,6095,6079,6070,5907,2222,1787]} 1. e4 c5 2. b3 a6 3. Bb2 Nc6 4. Nf3 e6 5. c4 Qc7 (5... Nf6 6. e5 Ng4 7. h3 Nh6 8. g4 d6 9. Bg2 dxe5 10. Nxe5 Nxe5 11. Bxe5 f6 12. Bb2 Nf7 13. d4 cxd4 14. Qxd4 {0-1 (32) Onischuk,V (2637)-Svidler,P (2765) Riadh 2017}) 6. Nc3 {B40: Sicilian: 2...e6, Unusual lines} Nf6 {LiveBook: 29 Games} 7. d4 cxd4 8. Nxd4 {The position is equal.} Bb4 {White must now prevent ...Qe5.} 9. Nxc6 Qxc6 $146 ({Predecessor:} 9... bxc6 10. Qc2 d5 11. exd5 cxd5 12. O-O-O dxc4 13. Bxc4 {0-1 (26) Kara,A (1843)-Aytekin,M (2201) Konya 2017}) 10. f3 d5 11. exd5 (11. a3 $11 Bxc3+ 12. Bxc3) 11... exd5 $15 {...Qe6+ is the strong threat.} 12. Qd4 O-O 13. O-O-O {[%cal Rc3d5]} Be6 {White should prevent ...Rad8.} 14. Kb1 $1 {[%cal Rc4d5]} dxc4 {Threatens to win with ...Rad8.} 15. Bxc4 Bxc4 16. Qxc4 Qxc4 17. bxc4 Rac8 18. Nd5 Nxd5 19. cxd5 Rfd8 20. Rd3 Bd6 21. g3 Re8 22. Rhd1 f6 23. Ba3 Rcd8 24. Kb2 Kf7 25. R1d2 Re1 26. f4 Ke7 27. Rb3 Rd7 28. Rb6 Bxa3+ 29. Kxa3 $11 {[%mdl 4096] Endgame KRR-KRR} Kd8 30. d6 Kc8 31. Kb4 Kb8 (31... Rc1 $11) 32. Kc5 $14 Kc8 33. Kd5 Kb8 ({Black should try} 33... Kd8 $14) 34. Rb3 (34. Rbb2 $16) 34... Kc8 $1 35. Rc3+ Kb8 (35... Kd8 $16 {was worth a try.}) 36. Rcc2 Re3 37. Rc4 b5 $2 {[%mdl 8192]} (37... f5 $16 {might work better.} 38. a4 g6) 38. Rc6 $18 Kb7 39. Rdc2 {White is clearly winning.} b4 40. Rc7+ Rxc7 41. Rxc7+ {KR-KR} ({Inferior is} 41. dxc7 Rc3 $17) 41... Kb6 42. Rxg7 Re2 43. Rxh7 Rxa2 {[#]} 44. Rh8 $1 {Hoping for d7.} Rd2+ {[#]} 45. Ke6 $1 Re2+ 46. Kxf6 {And now d7 would win.} Kc6 {With the idea ...b3.} 47. Ra8 Ra2 48. g4 {[%cal Bg3g4,Bg4g5,Bg5g6,Bg6g7][%mdl 32]} b3 49. Rb8 Rg2 50. g5 b2 51. g6 Kxd6 52. g7 Kc7 {[#]} 53. Rxb2 $1 {[%mdl 512] Accuracy: White = 68%, Black = 45%.} 1-0